| 000 | 00923cab a2200313 4500 | ||
|---|---|---|---|
| 001 | ABS59126 | ||
| 008 | 090401t1998 xxu||||| |||| 00| 0 eng d | ||
| 035 | _a(Sirsi) u88385 | ||
| 041 | _aeng | ||
| 100 | _aBrowning, R. | ||
| 245 | 4 | _aThe pre-tendering process revisited | |
| 260 | _c1998 | ||
| 350 | _a0 | ||
| 490 |
_aConstruction Law Journal _v14(4) 1998, 251-257(7) |
||
| 520 | _aDiscusses the tendering process and the pre-tendering process in the context of disputes in the construction industry. | ||
| 650 | _aARCHITECTS | ||
| 650 | _aCONSTRUCTION INDUSTRY | ||
| 650 | _aDESIGN PROCESS | ||
| 650 | _aDOCUMENTATION | ||
| 650 | _aHALKI SHIPPING CORPORATION V SOPEX OILS LTD | ||
| 650 | _aPRE-TENDERING PROCESS | ||
| 650 | _aPROCUREMENT METHODS | ||
| 650 | _aTENDERING PROCESS | ||
| 650 | _aTENDERS | ||
| 690 | _aBUILT ENVIRONMENT | ||
| 700 | _aCohen, L. | ||
| 942 | _n0 | ||
| 948 | _c09/09/1998 | ||
| 999 |
_c55825 _d55825 |
||